000 00533pab a2200193 454500
008 180718b2012 xxu||||| |||| 00| 0 eng d
100 _aBose, Indranil
245 _aTrade union participation in leather industry in Kolkatta
260 _c2012
300 _ap.202-216.
362 _aOct
650 _aWest Bengal - Leather industries
650 _aTrade unions - India - West Bengal
650 _aTrade unions
700 _aMudgal, R.K.
773 _aIndian Journal of Industrial Relations
908 _aN
909 _a98704
999 _c98703
_d98703